Most Spoken Creole Languages in the World - Statistics

General Stats
  • This quiz has been taken 143 times
  • The average score is 16 of 82
Answer Stats
Base Language Speakers Answer % Correct
French 9.6 million Haitian Creole
93%
English 3.2 million Jamaican Patois
71%
English 4 million Tok Pisin
48%
English 30 million Nigerian Pidgin
47%
English 1 million Hawaiian Creole
45%
English 4.5 million Krio
43%
Portuguese 2,200 Kristang
42%
French 1.3 million Mauritian Creole
40%
English 350,000 Belize Kriol
39%
English 150,000 Antiguan Creole
38%
English 650,000 Guyanese
37%
English 500,000 Sranan
37%
French 43,000 Dominican Creole
36%
French 73,000 Seychellois Creole
36%
French 1 million Trinidadian Creole
36%
English 260,000 Bajan
35%
English 400,000 Bahamian Creole
34%
English 210,000 Bislama
34%
Portuguese 271,000 Papiamento
34%
Portuguese 871,000 Kabuverdianu
32%
Portuguese 910,000 Kriol
32%
Motu 120,000 Hiri Motu
31%
English 2,300 Grenadian Creole English
30%
English 140,000 Vincentian Creole
30%
English 30,000 Australian Kriol
28%
English 1.5 million Kreyol
26%
French 560,000 Reunionese Creole
26%
Ngbandi 2 million Sango
26%
French 89,000 Grenadian Creole French
25%
English 5 million Kru English
25%
Spanish 359,000 Zamboangueño
25%
Spanish 4,000 Caviteño
24%
Spanish 3,000 Ternateño
24%
English 30,000 Miskito Coast Creole
21%
English 2 million Kamtok
20%
Arabic 820,000 Juba Arabic
19%
Portuguese 70,000 Forro
18%
Kongo 5.4 million Kituba
18%
English 300,000 Tobagonian Creole
18%
English 76,000 Virgin Islands Creole
17%
English 330,000 Solomons Pijin
16%
Malay 5 million Betawi
15%
English 34,000 Ndyuka
15%
English 12,000 San Andrés-Providencia Creole
15%
Malay 500,000 Papuan Malay
14%
Malay, Sinhala, Tamil 46,000 Sri Lankan Malay
14%
Portuguese 6,000 Annobonese
13%
French 300,000 Guianan Creole
13%
English 12,000 Anguillian Creole
12%
French 160,000 Saint Lucian Creole
12%
English 270,000 Panamanian Patois
11%
Portuguese 1,500 Principense Creole
11%
English, Portuguese 90,000 Saramaccan
11%
Hindustani 10,000 Andaman Creole
9%
Portuguese 5,000 Angolar
9%
English 6,000 Pichinglis
9%
Malay 1.6 million Ambonese
8%
French 1,800 Chagossian Creole
8%
Assamese 30,000 Nagamese
7%
English 6,000 Torres Strait Creole
7%
Malay 25,000 Balinese Malay
6%
English 55,000 Limonese Creole
6%
Malay 700,000 North Moluccan Malay
6%
Spanish 2,800 Palenquero
6%
English 2,000 Bonin English
5%
Malay 20,000 Peranakan
4%
Portuguese 4,000 Daman Portuguese
3%
Arabic 42,000 Nubi
3%
Malay 3,700 Bandanese Malay
2%
Malay 300,000 Kupang Malay
2%
Swahili 45,000 Kutchi-Swahili
2%
French 2,400 Lanc-Patuá
2%
French 40,000 Rodriguan Creole
2%
Mandarin 20,000 Tangwang
2%
Mandarin, Tibetan 2,700 Dao
1%
Afrikaans 32,000 Oorlams
1%
Mandarin, Tibetan, Bonan 2,000 Wutun
1%
Japanese 2,000 Yilan Creole
1%
Arabic 3,900 Babalia Creole
0%
Spanish 250,000 Esmeraldeño-Chota Creole
0%
Hokkien, Tagalog, English 100,000 Hokaglish
0%
Dong, Miao 6,000 Sanqiao
0%
No matching quizzes found
Score Distribution
Percent of People with Each Score
Percentile by Number Answered
Your Score History
You have not taken this quiz